000 00332nam a22001457a 4500
008 240205b ||||| |||| 00| 0 eng d
020 _a9780316424776
041 _aeng
080 _2FIRST EDITION 2003
_a37
082 _a37CLA
100 _a22.2
101 _aEDUKIM
245 _aTHE ESSENTIAL 55
_cRON CLARK
942 _2udc
_cBK
999 _c60579
_d60579